MARC

LEADER 00000nam0a2200000 4500
001 354932
005 20231102010737.0
035 |a (RuTPU)RU\TPU\retro\12191 
090 |a 354932 
100 |a 20200629d1973 km y0rusy50 ca 
101 0 |a rus 
102 |a UA 
105 |a a z 001zy 
200 1 |a Печи и теплообменники с псевдоожиженным слоем  |f А. Т. Тищенко, Ю. И. Хвастухин  |g Академия наук Украинской ССР, Институт газа 
210 |a Киев  |c Наукова думка  |d 1973 
215 |a 148 с.  |c ил. 
320 |a Библиогр.: с. 138-142 
606 1 |a Промышленные печи с кипящим слоем  |2 stltpush  |3 (RuTPU)RU\TPU\subj\31390  |9 54252 
606 1 |a Теплообменники  |x Ремонт  |2 stltpush  |3 (RuTPU)RU\TPU\subj\31438  |9 54287 
610 1 |a псевдоожиженный слой 
610 1 |a псевдоожиженные среды 
610 1 |a свойства 
610 1 |a применение 
610 1 |a газораспределительные устройства 
610 1 |a конструкции 
610 1 |a аэродинамические расчеты 
610 1 |a топливо 
610 1 |a сжигание 
675 |a 66.041  |v 4 
675 |a 66.045.1  |v 4 
700 1 |a Тищенко  |b А. Т.  |g Анатолий Тимофеевич 
701 1 |a Хвастухин  |b Ю. И.  |g Юрий Иванович 
712 0 2 |a Академия наук Украинской ССР  |b Институт газа  |c (Киев)  |2 stltpush  |3 (RuTPU)RU\TPU\col\11480  |9 25120 
801 1 |a RU  |b 63413507  |c 20200629 
801 2 |a RU  |b 63413507  |c 20221013  |g RCR 
942 |c BK